[Event "St Jean op"]
[Site "St Jean sur Richelieu"]
[Date "2006.06.23"]
[Round "2"]
[White "Caire, Francois"]
[Black "Godbout, Mathieu"]
[Result "1-0"]
[WhiteElo "2204"]
[BlackElo "1837"]
[PlyCount "57"]
[EventDate "2006.06.23"]
[EventType "swiss"]
[EventRounds "6"]
[EventCountry "CAN"]
[SourceTitle "CBM 113 Extra"]
[Source "ChessBase"]
[SourceDate "2006.09.14"]
[SourceVersion "1"]
[SourceVersionDate "2006.09.14"]
[SourceQuality "1"]

1. b3 c5 2. Bb2 Nc6 3. e4 d6 4. f4 Nf6 5. Nc3 e6 6. Nf3 Be7 7. Bb5 Bd7 8. 0-0 a6 9. Bxc6 Bxc6 10. d3 0-0 11. h3 Nd7 12. Ne2 d5 13. e5 d4 14. Qd2 Qc7 15. Rf2 f6 16. exf6 Nxf6 17. c3 dxc3 18. Qxc3 Bd6 19. Ng5 Rae8 20. g3 h6 21. Nf3 Nd5 22. Qd2 Qf7 23. Raf1 Qg6 24. Ne5 Bxe5 25. Bxe5 Nb4 26. Bd6 Rf7 27. Bxc5 Nxd3 28. f5 Qh5 29. Qxd3 1-0

[Event "Quebec Carnaval op"]
[Site "Quebec"]
[Date "2005.02.19"]
[Round "2"]
[White "Godbout, Mathieu"]
[Black "Carrier, Claude"]
[Result "0-1"]
[WhiteElo "1879"]
[BlackElo "2054"]
[PlyCount "40"]
[EventDate "2005.02.??"]
[EventType "swiss"]
[EventRounds "5"]
[EventCountry "CAN"]
[SourceTitle "EXT 2006"]
[Source "ChessBase"]
[SourceDate "2005.11.24"]
[SourceVersion "1"]
[SourceVersionDate "2005.11.24"]
[SourceQuality "1"]

1. c4 e5 2. Nc3 Nf6 3. Nf3 Nc6 4. g3 d5 5. cxd5 Nxd5 6. Bg2 Nb6 7. 0-0 Be7 8. a3 0-0 9. b4 Re8 10. b5 Nd4 11. Nxe5 Bf6 12. f4 Bxe5 13. fxe5 Rxe5 14. e3 Nxb5 15. Ne4 f5 16. d4 Rxe4 17. Bxe4 fxe4 18. Qh5 Nd6 19. Ra2 Be6 20. Raf2 Bc4 0-1

[Event "Quebec Carnaval op"]
[Site "Quebec"]
[Date "2005.02.19"]
[Round "3"]
[White "L'Heureux, Clement"]
[Black "Godbout, Mathieu"]
[Result "0-1"]
[WhiteElo "1924"]
[BlackElo "1879"]
[PlyCount "88"]
[EventDate "2005.02.??"]
[EventType "swiss"]
[EventRounds "5"]
[EventCountry "CAN"]
[SourceTitle "EXT 2006"]
[Source "ChessBase"]
[SourceDate "2005.11.24"]
[SourceVersion "1"]
[SourceVersionDate "2005.11.24"]
[SourceQuality "1"]

1. e4 Nf6 2. Nc3 d5 3. e5 Ne4 4. d4 Nxc3 5. bxc3 c5 6. Nf3 Bg4 7. h3 Bxf3 8. Qxf3 e6 9. Bb5+ Nc6 10. Bxc6+ bxc6 11. 0-0 Be7 12. Qg4 Kf8 13. f4 g6 14. Qe2 Qd7 15. Qa6 Rb8 16. Ba3 Rb6 17. Qa4 Kg7 18. Bxc5 Bxc5 19. dxc5 Rb5 20. Rab1 Rhb8 21. Rb4 Qe7 22. Rxb5 Rxb5 23. Qd4 Rxc5 24. Qb4 a5 25. Qb6 Rxc3 26. Qxa5 Rxc2 27. Rf2 Qc5 28. Qxc5 Rxc5 29. Rb2 Ra5 30. Kf2 c5 31. Ke2 Ra7 32. Kd2 f6 33. Kc2 fxe5 34. fxe5 g5 35. Kb1 Ra4 36. Rb6 Kf7 37. Rb7+ Kg6 38. Re7 Kf5 39. Rxh7 Kxe5 40. Rg7 Kf4 41. Rg6 Re4 42. g4 d4 43. Rg8 d3 44. Rd8 Ke3 0-1

[Event "Quebec Montcalm op 2nd"]
[Site "Quebec"]
[Date "2004.11.11"]
[Round "5"]
[White "Godbout, Mathieu"]
[Black "Dion, Jean Francois"]
[Result "0-1"]
[WhiteElo "1875"]
[BlackElo "1921"]
[PlyCount "58"]
[EventDate "2004.10.14"]
[EventType "swiss"]
[EventRounds "5"]
[EventCountry "CAN"]
[SourceTitle "EXT 2006"]
[Source "ChessBase"]
[SourceDate "2005.11.24"]
[SourceVersion "1"]
[SourceVersionDate "2005.11.24"]
[SourceQuality "1"]

1. c4 Nf6 2. Nc3 g6 3. e4 d6 4. d4 Bg7 5. f4 0-0 6. Nf3 Nbd7 7. Bd3 c5 8. d5 a6 9. 0-0 Qc7 10. a4 b6 11. h3 e6 12. Re1 Bb7 13. Be3 exd5 14. cxd5 Rfe8 15. Bf2 c4 16. Bc2 Nc5 17. Bg3 Nfd7 18. Kh1 Re7 19. Qe2 Bxc3 20. bxc3 Bxd5 21. e5 dxe5 22. fxe5 Qb7 23. Rad1 b5 24. a5 Rae8 25. Qe3 Bxf3 26. gxf3 f6 27. Rd6 Rxe5 28. Bxe5 Rxe5 29. Qd2 Qxf3+ 0-1

[Event "Charlesbourg op1"]
[Site "Charlesbourg"]
[Date "2004.06.21"]
[Round "3"]
[White "Berube, Antoine"]
[Black "Godbout, Mathieu"]
[Result "1-0"]
[WhiteElo "2011"]
[BlackElo "1808"]
[PlyCount "65"]
[EventDate "2004.06.07"]
[EventType "swiss"]
[EventRounds "5"]
[EventCountry "CAN"]
[SourceTitle "EXT 2006"]
[Source "ChessBase"]
[SourceDate "2005.11.24"]
[SourceVersion "1"]
[SourceVersionDate "2005.11.24"]
[SourceQuality "1"]

1. e4 Nf6 2. e5 Nd5 3. d4 d6 4. c4 Nb6 5. f4 dxe5 6. fxe5 c5 7. d5 e6 8. Nc3 exd5 9. cxd5 c4 10. Nf3 Bb4 11. Bxc4 Bxc3+ 12. bxc3 Nxc4 13. Qa4+ Nd7 14. Qxc4 Nb6 15. Qb5+ Qd7 16. Qxd7+ Bxd7 17. d6 Bb5 18. Be3 Nd5 19. Kd2 Kd7 20. Rab1 Ba6 21. c4 Nxe3 22. Kxe3 Rac8 23. Rhc1 Rc5 24. Kd4 Rhc8 25. Ng5 Rxc4+ 26. Rxc4 Rxc4+ 27. Kd5 Rg4 28. Rc1 Rxg5 29. Rc7+ Kd8 30. Rxf7 Bb5 31. Rxb7 a6 32. h4 Rxg2 33. Rb8+ 1-0

[Event "Charlesbourg op10"]
[Site "Charlesbourg"]
[Date "2003.10.13"]
[Round "2"]
[White "Godbout, Mathieu"]
[Black "Poliquin, Yvone"]
[Result "1-0"]
[WhiteElo "1852"]
[BlackElo "1820"]
[PlyCount "53"]
[EventDate "2003.10.07"]
[EventType "swiss"]
[EventRounds "6"]
[EventCountry "CAN"]
[SourceTitle "EXT 2008"]
[Source "ChessBase"]
[SourceDate "2007.11.25"]
[SourceVersion "1"]
[SourceVersionDate "2007.11.25"]
[SourceQuality "1"]

1. c4 e5 2. Nc3 Nf6 3. Nf3 Nc6 4. g3 Bb4 5. Bg2 0-0 6. 0-0 e4 7. Ng5 Bxc3 8. bxc3 Re8 9. f3 exf3 10. Nxf3 d5 11. d4 h6 12. Qc2 Be6 13. Rb1 Qc8 14. Nh4 Qd8 15. e4 Bg4 16. cxd5 Na5 17. c4 c6 18. e5 Nh7 19. h3 Bc8 20. Qf2 Rf8 21. Ba3 Nxc4 22. Bxf8 Qxf8 23. dxc6 bxc6 24. Bxc6 Bxh3 25. Bxa8 Bxf1 26. Rxf1 Ng5 27. Bg2 1-0

[Event "Quebec Montcalm op 5th"]
[Site "Quebec"]
[Date "2003.02.27"]
[Round "2"]
[White "Saint Amand, Paul"]
[Black "Godbout, Mathieu"]
[Result "1-0"]
[WhiteElo "2047"]
[BlackElo "1674"]
[PlyCount "111"]
[EventDate "2003.02.??"]
[EventType "swiss"]
[EventRounds "5"]
[EventCountry "CAN"]
[SourceTitle "EXT 2006"]
[Source "ChessBase"]
[SourceDate "2005.11.24"]
[SourceVersion "1"]
[SourceVersionDate "2005.11.24"]
[SourceQuality "1"]

1. e4 Nf6 2. e5 Nd5 3. d4 d6 4. Nf3 g6 5. Bc4 c6 6. 0-0 Bg7 7. Bb3 dxe5 8. Nxe5 0-0 9. c4 Nc7 10. f4 Nd7 11. Nc3 Nxe5 12. dxe5 Qxd1 13. Rxd1 Bg4 14. Re1 Na6 15. Be3 Rfd8 16. h3 Be6 17. Rad1 b6 18. a3 h5 19. Ne4 c5 20. Nc3 Nc7 21. Kf2 Kf8 22. Nd5 Nxd5 23. cxd5 Bc8 24. Rd2 Bb7 25. Red1 Rac8 26. d6 e6 27. Bc4 Bc6 28. b3 Bd7 29. a4 f6 30. exf6 Bxf6 31. Ba6 Rb8 32. Bd3 Kf7 33. Be4 h4 34. Kf3 Rdc8 35. Rc2 Rg8 36. Ke2 a5 37. Rf1 Rbf8 38. Rf3 Ke8 39. g4 hxg3 40. Rxg3 g5 41. fxg5 Be5 42. Rf3 Bxd6 43. h4 e5 44. Rxf8+ Rxf8 45. Ke1 Bg4 46. Rf2 Bh5 47. Rxf8+ Kxf8 48. Kf2 Bf7 49. Bc2 c4 50. bxc4 Bxc4 51. Bxb6 Bb4 52. Ke3 Bd5 53. h5 Kg7 54. Bd8 Bc5+ 55. Ke2 Bf7 56. h6+ 1-0

[Event "Quebec Montcalm op"]
[Site "Quebec"]
[Date "2002.03.02"]
[Round "2"]
[White "Bourassa, Andre"]
[Black "Godbout, Mathieu"]
[Result "1-0"]
[WhiteElo "1632"]
[BlackElo "1455"]
[PlyCount "47"]
[EventDate "2002.03.01"]
[EventType "swiss"]
[EventRounds "5"]
[EventCountry "CAN"]
[SourceTitle "EXT 2022"]
[Source "ChessBase"]
[SourceDate "2021.10.06"]
[SourceVersion "1"]
[SourceVersionDate "2021.10.06"]
[SourceQuality "1"]

1. d4 Nf6 2. c4 e6 3. Nf3 d5 4. Bg5 Be7 5. e3 0-0 6. Bd3 Nbd7 7. Nc3 b6 8. Qc2 dxc4 9. Bxc4 Bb7 10. Bd3 h6 11. h4 c5 12. Rh3 cxd4 13. Nxd4 e5 14. Nf5 Nc5 15. Nxh6+ gxh6 16. Bf5 hxg5 17. hxg5 Nfd7 18. Qe2 Nf6 19. gxf6 Bxf6 20. Rg3+ Bg7 21. Qh5 f6 22. Bh7+ Kh8 23. Bg6+ Kg8 24. Qh7# 1-0